000
00270nam a22001097a 4500
008
170120b xxu||||| |||| 00| 0 eng d
020
_a
9780201125979
041
_a
eng
080
_2
2ND
_a
618.2
245
_a
ESSENTIALS OF MENTAL HEALTH NURSING
_c
COOK, J.S
942
_2
udc
_c
BK
999
_c
3299
_d
3299